| 000 | 00514nam a2200169 i 4500 | ||
|---|---|---|---|
| 001 | 87412 | ||
| 003 | ES-MaACL | ||
| 007 | t| | ||
| 008 | 041221s1974 sp ||||1| spa d | ||
| 100 | 1 |
_aKubach, Hans Eric. _968935 |
|
| 245 | 1 | 0 |
_aArquitectura románica / _cHans Eric ; [traducción por Juan Novella Domingo]. |
| 250 | _a[1ª ed.]. | ||
| 260 |
_a[Madrid] : _bAguilar, _c[1974] |
||
| 300 |
_a426 p., 61 lám. : _bil. ; _c29 cm. |
||
| 700 | 1 |
_aNovella Domingo, Juan. _986074 |
|
| 852 |
_aES-MaACL _jE-8528 _bR.93124 |
||
| 999 |
_c87412 _d87412 |
||